| 000 | 01460nam a2200361 i 4500 | ||
|---|---|---|---|
| 001 | 000018807 | ||
| 003 | DO-SdBNP | ||
| 005 | 20240508073815.0 | ||
| 007 | ta | ||
| 008 | 100519s2010 dr 000 0 spa d | ||
| 020 | _a9789945020939 | ||
| 040 |
_aDO-SdBNP _bspa _cBNPHU _erda |
||
| 082 | 4 |
_aRD868.42 _bT266e _222 |
|
| 100 | 1 |
_aTejera, Emiliano, _d1841-1923 _924003 |
|
| 245 | 1 | 0 |
_aEscritos diversos / _cEmilino Tejera ; editor, Andrés Blanco Díaz. |
| 264 |
_aSanto Domingo : _bBanreserva : _bArchivo General de la Nación, _c2010. |
||
| 300 |
_a359 páginas ; _c27 cm. |
||
| 336 |
_2rdacontent _atexto _btxt |
||
| 337 |
_2rdamedia _asin mediación _bn |
||
| 338 |
_2rdacarrier _avolumen _bnc |
||
| 490 | 1 |
_aArchivo General de la Nación ; _v103 |
|
| 500 | _aIncluye notas al pie de páginas e índice onomástico. | ||
| 590 | _aInventariado, 2021 / DG | ||
| 600 | 1 | 4 |
_aTejera, Emiliano, _d1841-1923 _xCorrespondencia, memorias, etc. _940553 |
| 650 | 4 |
_aTratados internacionales _zHaití _ySiglo XIX _940556 |
|
| 650 | 4 |
_aTratados internacionales _zRepública Dominicana _ySiglo XIX _940557 |
|
| 651 | 0 |
_aRepública Dominicana -- _xHistoria -- _y1844-1930 _91009 |
|
| 651 | 4 |
_aRepública Dominicana _xRelaciones Exteriores _zHaití _ySiglo XIX _940554 |
|
| 651 | 4 |
_aHaití _xRelaciones Exteriores _zRepública Dominicana _ySiglo XIX _940555 |
|
| 700 | 1 |
_aBlanco Díaz, Andrés _eeditor _9172 |
|
| 910 | _aValidado. Control de calidad MMOLINA | ||
| 942 |
_2ddc _cLBS1 |
||
| 999 |
_c18327 _d18327 |
||